000 00416nam a2200145Ia 4500
008 100204s9999 xx 000 0 und d
082 _b6738
100 _aकाळे वैजयंती
245 _aशर्यत
260 _b"गिरगाव बुक स्टॅाल , मुंबई"
_c1983
300 _a286
630 _aशर्यत
730 _aशर्यत
942 _cBOOK
999 _c451176
_d451173